00635cam a22001937a 4500003000500000005001700005008004100022010001000063011001000073035001000083040000900093082001400102100001900116245012000135260012400255300002000379650002200399700002000421CHAP20220329134909.0971013s1984 r 00010 d a27711 a28683 a32790 cCHAP a632.7bK500aKing, A. B. S.14aLas plagas invertebradas de cultivos anuales alimenticios en América Centralb: una guía para su reconocimiento aTurrialba :bCentro Agronómico Tropical de Investigación y Enseñanza. Departamento de Producción Vegetal,c1984 a182 p.b: ilus.14aCultivosxPlagas.0 aSaunders, J. L.